000 00672nam a22002177a 4500
003 BD-DhJNU
005 20251215041656.0
008 251215b |||||||| |||| 00| 0 eng d
020 _a9781119032748
040 _aBD-DhJNU
_bENG
_cBD-DhJNU
_dBD-DhJNU
082 _223
_a658.3 DEF
100 _aDeCenzo, David A.
245 _aFundamentals of human resource management /
_cDavid A. DeCenzo, Stephen P. Robbins and Susan L. Verhulst
250 _a12th ed.
260 _aIndia :
_bJohn Wiley & Sons,
_c2016.
300 _axx, 364p. :
_bill. ;
_c27 cm.
504 _aIncludes index
650 _aPersonnel Management
700 _aRobbins, Stephen P.
942 _2ddc
_cBK
_n0
999 _c2439
_d2439